| 000 | 00830nam a22002657a 4500 | ||
|---|---|---|---|
| 001 | BR7375482 | ||
| 003 | BR-BrBNA | ||
| 005 | 20230928084424.0 | ||
| 007 | ta | ||
| 008 | 230509b bl.||||| |||| 00| 0 por d | ||
| 040 |
_aBR-BrBNA _bpor _cBiblioteca Nacional de Agricultura |
||
| 041 | _a(Por) | ||
| 072 |
_aE10 _b/G514 |
||
| 090 | _ E10 BR7375482 | ||
| 100 | 1 | _aDuarte, C. de S. | |
| 110 | 1 |
_aMinisterio da Agricultura, Industria e Commercio, Rio de Janeiro, GB (Brasil). Directoria do Servico de Inspeccao e Fomento Agricolas _96873 |
|
| 245 | 1 | _aO trabalho agricola no Brasil [Mao-de-obra; Salario; Imigracao rural] | |
| 260 | 3 |
_aRio de Janeiro, GB (Brasil): _c1925. |
|
| 300 | _a123 p. | ||
| 650 | _aMAO-DE-OBRA | ||
| 650 | _aSALARIO | ||
| 650 | _aIMIGRACAO | ||
| 909 |
_a202309 _bLucia _c55 _dLucia Elande |
||
| 942 | _cBK | ||
| 999 |
_c18852 _d18852 |
||